[Event "Champ FRA - Under 12"]
[Site "Europe Echecs"]
[Date "2020.07.08"]
[Round "1"]
[White "IlinArtem"]
[Black "SalahYanis"]
[Result "1-0"]
[WhiteElo "1504"]
[BlackElo "1148"]
[PlyCount "55"]
[EventDate "2020.??.??"]

1. e4 e5 2. Nf3 Nc6 3. Bb5 d6 4. O-O Nf6 5. Nc3 Bg4 6. h3 Bh5 7. d3 Be7 8. Bg5
O-O 9. Bxc6 bxc6 10. Nb1 d5 11. Nbd2 Rb8 12. b3 h6 13. Bh4 Rb4 14. c3 Rb8 15.
Qc2 Bxf3 16. Nxf3 dxe4 17. dxe4 Qd6 18. Rad1 Qc5 19. Bxf6 Bxf6 20. Rd3 Bg5 21.
Rfd1 f5 22. Rd7 fxe4 23. Nxg5 hxg5 24. Rxc7 Rbd8 25. Rxd8 Rxd8 26. Qxe4 Rf8 27.
Qc4+ Qxc4 28. bxc4 {SalahYanis a abandonné} 1-0

[Event "Champ FRA - Under 12"]
[Site "Europe Echecs"]
[Date "2020.07.08"]
[Round "1"]
[White "DemaimayOscar"]
[Black "TouillerThibau"]
[Result "0-1"]
[WhiteElo "1141"]
[BlackElo "1504"]
[PlyCount "48"]
[EventDate "2020.??.??"]

1. d4 Nf6 2. Bf4 c5 3. e3 Qb6 4. b3 Nc6 5. Nc3 cxd4 6. exd4 Nxd4 7. Be3 e5 8.
Nf3 Nxf3+ 9. gxf3 Qa5 10. Qd2 Bb4 11. Bd4 exd4 12. Qxd4 Bxc3+ 13. Qxc3 Qxc3+
14. Ke2 Qxa1 15. Rg1 b6 16. Rxg7 Ba6+ 17. Kd2 Qxf1 18. Ke3 Nd5+ 19. Ke4 Nc3+
20. Kd4 Rc8 21. Ke5 Rc5+ 22. Kd4 Qd1+ 23. Ke3 Qc1+ 24. Kd4 Qf4# {DemaimayOscar
est échec et mat} 0-1

[Event "Champ FRA - Under 12"]
[Site "Europe Echecs"]
[Date "2020.07.08"]
[Round "1"]
[White "SoyeuxGabriel"]
[Black "CrouzierSimon"]
[Result "1-0"]
[WhiteElo "1501"]
[BlackElo "1140"]
[PlyCount "77"]
[EventDate "2020.??.??"]

1. d4 d5 2. Bf4 Bf5 3. c4 dxc4 4. Nc3 Nc6 5. e3 Nf6 6. Bxc4 e6 7. Nf3 Bd6 8.
Bxd6 cxd6 9. O-O O-O 10. h3 Ne4 11. Nxe4 Bxe4 12. Bd3 Bxd3 13. Qxd3 e5 14. Rac1
Rc8 15. Rfd1 Re8 16. Qb3 d5 17. dxe5 Nxe5 18. Nxe5 Rxe5 19. Rxc8 Qxc8 20. Rxd5
Re6 21. Qc3 Rc6 22. Qd2 h6 23. Rd8+ Qxd8 24. Qxd8+ Kh7 25. Kh2 b5 26. Qd3+ Rg6
27. Qxb5 a6 28. Qd3 a5 29. h4 a4 30. h5 a3 31. hxg6+ fxg6 32. b4 h5 33. b5 h4
34. b6 h3 35. g3 Kh6 36. b7 Kh5 37. b8=Q g5 38. Qh8+ Kg4 39. Qe4# {
CrouzierSimon est échec et mat} 1-0

[Event "Champ FRA - Under 12"]
[Site "Europe Echecs"]
[Date "2020.07.08"]
[Round "1"]
[White "FontaineGregor"]
[Black "FontaineMaelys"]
[Result "1/2-1/2"]
[WhiteElo "1140"]
[BlackElo "1500"]
[PlyCount "99"]
[EventDate "2020.??.??"]

1. d4 d5 2. Bf4 Bf5 3. Nf3 Nf6 4. e3 e6 5. Bd3 Ne4 6. Nbd2 Bd6 7. Ne5 O-O 8.
O-O Nd7 9. Bxe4 Bxe4 10. Nxe4 dxe4 11. Nxd7 Bxf4 12. exf4 Qxd7 13. Re1 f5 14.
f3 exf3 15. gxf3 Qe7 16. Qd3 Qf7 17. Kh1 Rfe8 18. Re2 Re7 19. Rae1 Rae8 20. d5
exd5 21. Rxe7 Rxe7 22. Rxe7 Qxe7 23. Qxd5+ Qf7 24. Qd8+ Qf8 25. Qxc7 b6 26.
Qc4+ Qf7 27. Qxf7+ Kxf7 28. c4 a6 29. b4 Ke6 30. a4 Kd6 31. c5+ bxc5 32. b5
axb5 33. a5 Kc6 34. a6 Kb6 35. a7 Kxa7 36. Kg2 b4 37. Kf2 c4 38. Ke2 b3 39. Kd2
Kb6 40. Kc3 Kb5 41. h3 h6 42. h4 h5 43. Kb2 Kb4 44. Kb1 c3 45. Kc1 b2+ 46. Kc2
Kc4 47. Kb1 Kb4 48. Kc2 Ka3 49. Kb1 Kb4 50. Kc2 {Nulle par répétition}
1/2-1/2

[Event "Champ FRA - Under 12"]
[Site "Europe Echecs"]
[Date "2020.07.08"]
[Round "1"]
[White "CiarlettaIris"]
[Black "MechoulanDanie"]
[Result "1-0"]
[WhiteElo "1493"]
[BlackElo "1140"]
[PlyCount "141"]
[EventDate "2020.??.??"]

1. d4 Nf6 2. c4 g6 3. Nc3 Bg7 4. e4 d6 5. f4 c5 6. dxc5 dxc5 7. Qxd8+ Kxd8 8.
Be3 b6 9. O-O-O+ Ke8 10. e5 Ng4 11. Bd2 Nf2 12. Nh3 Nxd1 13. Nxd1 Bxh3 14. gxh3
Nc6 15. Bg2 Rc8 16. Nc3 Kd7 17. Be3 Rhd8 18. Nd5 Ke8 19. Rd1 e6 20. Nc3 Rxd1+
21. Kxd1 Rd8+ 22. Kc2 Nb4+ 23. Kb3 Na6 24. a3 Nc7 25. Bc6+ Kf8 26. Kc2 f6 27.
exf6 Bxf6 28. Ne4 Bd4 29. Bd2 h6 30. h4 Bg1 31. h3 Bd4 32. b4 cxb4 33. Bxb4+
Kg8 34. Be7 Rb8 35. Kd3 Bg7 36. Ke2 e5 37. Bd6 Rc8 38. fxe5 Kf7 39. Bb7 Re8 40.
Bxc7 Bxe5 41. Bd5+ Kg7 42. Bxe5+ Rxe5 43. Kf3 Kf8 44. Nd6 Ke7 45. Nc8+ Kd7 46.
Nxa7 Kd6 47. Kf4 g5+ 48. hxg5 hxg5+ 49. Kg4 Re3 50. Nb5+ Ke5 51. Bg8 Rb3 52.
Bf7 Kf6 53. Bd5 Ke5 54. a4 Kf6 55. Bg8 Kg6 56. Bd5 Kf6 57. Bc6 Kg6 58. Nd4 Rb4
59. Bb5 Kf6 60. Nc6 Rb3 61. Na7 Re3 62. Nc8 Re6 63. h4 gxh4 64. Kxh4 Ke5 65.
Kg4 Kd4 66. Kf5 Rh6 67. Ne7 Kc5 68. Nd5 Rd6 69. Ke5 Rh6 70. Nc7 Rg6 71. Na6# {
MechoulanDanie est échec et mat} 1-0

[Event "Champ FRA - Under 12"]
[Site "Europe Echecs"]
[Date "2020.07.08"]
[Round "1"]
[White "BaudouinMoise"]
[Black "BollengierRoma"]
[Result "1/2-1/2"]
[WhiteElo "1135"]
[BlackElo "1484"]
[PlyCount "64"]
[EventDate "2020.??.??"]

1. c4 g6 2. g3 Bg7 3. Bg2 c5 4. Nf3 Nc6 5. e3 Nf6 6. d4 cxd4 7. Nxd4 O-O 8. O-O
d5 9. b3 e5 10. Nxc6 bxc6 11. cxd5 cxd5 12. Bb2 Re8 13. Nc3 Ba6 14. Re1 Rc8 15.
Nxd5 Nxd5 16. Qxd5 Qxd5 17. Bxd5 e4 18. Bxg7 Kxg7 19. Rac1 Red8 20. Bxe4 Rxc1
21. Rxc1 Rd2 22. a4 Rb2 23. Bd5 Rd2 24. e4 Bd3 25. Rc7 a6 26. Rxf7+ Kh6 27. Rf3
Rd1+ 28. Kg2 Bf1+ 29. Kh1 Be2+ 30. Kg2 Bf1+ 31. Kg1 Be2+ 32. Kg2 Bf1+ {Nulle
par répétition} 1/2-1/2

[Event "Champ FRA - Under 12"]
[Site "Europe Echecs"]
[Date "2020.07.08"]
[Round "1"]
[White "LemoalZakarya"]
[Black "NguyenSohayb"]
[Result "1-0"]
[WhiteElo "1134"]
[BlackElo "1473"]
[PlyCount "141"]
[EventDate "2020.??.??"]

1. e4 e5 2. Nf3 Nc6 3. Bc4 Bc5 4. d3 Nf6 5. Be3 Bb6 6. Nbd2 O-O 7. c3 d6 8.
Bxb6 axb6 9. Bb5 Bg4 10. Bxc6 bxc6 11. h3 Bh5 12. Qb3 Bg6 13. Nh4 d5 14. Nxg6
hxg6 15. f3 Qd7 16. Qc2 Rad8 17. Nb3 Rfe8 18. Rd1 Nh5 19. Nc1 Ng3 20. Rg1 d4
21. Qf2 Nh5 22. cxd4 Qxd4 23. Qxd4 Rxd4 24. Ne2 Rd7 25. Kd2 Red8 26. Kc2 c5 27.
b3 Nf4 28. Nxf4 exf4 29. Rd2 Kf8 30. g3 fxg3 31. Rxg3 Ra8 32. Kb2 b5 33. Rgg2
c6 34. Kc3 Rad8 35. Rg1 Rd4 36. Rb1 Ke7 37. b4 c4 38. Rbd1 cxd3 39. Rxd3 Rc4+
40. Kb3 Rxd3+ 41. Rxd3 Rc1 42. Rc3 Rf1 43. Rxc6 Rxf3+ 44. Rc3 Rxc3+ 45. Kxc3
Kd7 46. Kd4 Kc6 47. Ke5 f6+ 48. Ke6 Kc7 49. Kd5 Kd7 50. Kc5 Kc7 51. Kxb5 Kb7
52. Kc4 Kc6 53. a4 f5 54. exf5 gxf5 55. Kd4 g5 56. Ke3 g4 57. hxg4 fxg4 58. Kf4
Kd5 59. Kxg4 Kc4 60. a5 Kb5 61. Kf3 Ka6 62. Ke3 Kb5 63. Kd3 Ka6 64. Kc4 Kb7 65.
b5 Ka7 66. Kd5 Kb7 67. Kd6 Ka7 68. b6+ Kb7 69. Kc5 Ka8 70. a6 Kb8 71. Kb5 {
NguyenSohayb a perdu au temps} 1-0

[Event "Champ FRA - Under 12"]
[Site "Europe Echecs"]
[Date "2020.07.08"]
[Round "1"]
[White "TranKyLan"]
[Black "BertLisa"]
[Result "1-0"]
[WhiteElo "1467"]
[BlackElo "1133"]
[PlyCount "55"]
[EventDate "2020.??.??"]

1. d4 d5 2. c4 dxc4 3. e3 Nf6 4. Bxc4 Nc6 5. Nc3 Bf5 6. Nf3 e6 7. O-O Bb4 8.
Bd2 O-O 9. a3 Bxc3 10. Bxc3 Bg4 11. h3 Bh5 12. Bd3 e5 13. Be2 Bxf3 14. Bxf3 e4
15. Be2 Nd5 16. Bd2 Qg5 17. Bc4 Rad8 18. Qc2 Nf6 19. Qb3 Ne5 20. dxe5 Rxd2 21.
exf6 gxf6 22. Rad1 Rxd1 23. Rxd1 Qe5 24. Qxb7 c5 25. Qxa7 Rb8 26. Qxf7+ Kh8 27.
Rd7 Qf5 28. Qg7# {BertLisa est échec et mat} 1-0

[Event "Champ FRA - Under 12"]
[Site "Europe Echecs"]
[Date "2020.07.08"]
[Round "1"]
[White "BalloyAlix"]
[Black "FernandesMerle"]
[Result "0-1"]
[WhiteElo "1130"]
[BlackElo "1461"]
[PlyCount "144"]
[EventDate "2020.??.??"]

1. e4 e5 2. Bc4 Nf6 3. Nc3 Nc6 4. Nf3 Nxe4 5. Nxe4 d5 6. Bxd5 Qxd5 7. Nc3 Qd8
8. O-O Bc5 9. d3 O-O 10. Be3 Bb4 11. Qd2 Bg4 12. Ng5 h6 13. Nge4 Bf5 14. Qe2
Bxc3 15. Nxc3 Re8 16. Qf3 Bh7 17. Qg3 Bg6 18. Ne4 Nd4 19. Bxd4 Qxd4 20. Nd2
Qxb2 21. Nc4 Qc3 22. Qf3 e4 23. Qg3 exd3 24. cxd3 Qxd3 25. Qxc7 Rac8 26. Qxb7
Qxc4 27. Qxa7 Be4 28. Rfe1 Bg6 29. Rf1 Bd3 30. Rfd1 Be2 31. Re1 Qg4 32. g3 Bf3
33. Rxe8+ Rxe8 34. Qa4 Rf8 35. Qxg4 Bxg4 36. Kg2 Ra8 37. h3 Be6 38. a4 Bd5+ 39.
f3 Re8 40. a5 Re2+ 41. Kf1 Re3 42. Kf2 Rxf3+ 43. Kg1 Rxg3+ 44. Kh2 Re3 45. a6
Ba8 46. a7 Kh7 47. Rb1 Re7 48. Ra1 Kg6 49. Ra6+ Kh7 50. Kg3 g5 51. h4 gxh4+ 52.
Kxh4 Kg7 53. Kg4 f6 54. Kf5 Rf7 55. Ke6 Kg6 56. Kd6 h5 57. Kc5 h4 58. Ra4 Kg5
59. Kb6 f5 60. Rc4 Rb7+ 61. Ka6 Rb1 62. Rc8 Ra1+ 63. Kb6 Rb1+ 64. Ka6 Bb7+ 65.
Ka5 Ra1+ 66. Kb6 Bxc8 67. Kc7 Rxa7+ 68. Kxc8 f4 69. Kb8 f3 70. Kxa7 f2 71. Kb6
f1=Q 72. Kc5 h3 {BalloyAlix a abandonné} 0-1

[Event "Champ FRA - Under 12"]
[Site "Europe Echecs"]
[Date "2020.07.08"]
[Round "1"]
[White "PogodallaVicto"]
[Black "DuboisGabriel"]
[Result "1-0"]
[WhiteElo "1458"]
[BlackElo "1124"]
[PlyCount "41"]
[EventDate "2020.??.??"]

1. d4 d5 2. c4 e6 3. Nc3 Nf6 4. Nf3 c5 5. cxd5 exd5 6. Bg5 Be7 7. dxc5 h6 8.
Bxf6 Bxf6 9. e3 Be6 10. Bb5+ Nc6 11. Nd4 O-O 12. Nxe6 fxe6 13. O-O a6 14. Ba4
b5 15. Bc2 Qa5 16. Nxd5 exd5 17. Qxd5+ Rf7 18. Qxc6 Rd8 19. Bb3 Kf8 20. Bxf7
Kxf7 21. Rfd1 {DuboisGabriel a abandonné} 1-0

[Event "Champ FRA - Under 12"]
[Site "Europe Echecs"]
[Date "2020.07.08"]
[Round "1"]
[White "KirakosyanEmil"]
[Black "AymericElijah"]
[Result "1-0"]
[WhiteElo "1124"]
[BlackElo "1450"]
[PlyCount "81"]
[EventDate "2020.??.??"]

1. e4 e5 2. Nf3 Nc6 3. Bc4 h6 4. Nc3 Nf6 5. d3 Bc5 6. Be3 Bxe3 7. fxe3 O-O 8.
O-O Ng4 9. Qe2 d6 10. h3 Nf6 11. a3 a6 12. Rad1 Re8 13. Nd5 Nxd5 14. Bxd5 Bd7
15. Rf2 Qf6 16. Nh2 Qg5 17. Bxf7+ Kh8 18. Bxe8 Rxe8 19. Nf3 Qg6 20. Kh1 Be6 21.
Rdf1 Re7 22. Nh4 Qg5 23. Nf3 Qh5 24. Nh2 Qxe2 25. Rxe2 Kh7 26. Nf3 Rf7 27. Ref2
Nd8 28. Nh4 g5 29. Rxf7+ Bxf7 30. Nf5 Bg6 31. g4 Ne6 32. Ne7 c5 33. Nxg6 Kxg6
34. Kg2 b5 35. c3 a5 36. b4 axb4 37. axb4 cxb4 38. cxb4 Kg7 39. Rc1 Kf7 40. Rc6
Ke8 41. Rxd6 {AymericElijah a abandonné} 1-0

[Event "Champ FRA - Under 12"]
[Site "Europe Echecs"]
[Date "2020.07.08"]
[Round "1"]
[White "MorlayeAlexand"]
[Black "NegreEmilie"]
[Result "1-0"]
[WhiteElo "1117"]
[BlackElo "1438"]
[PlyCount "55"]
[EventDate "2020.??.??"]

1. Nf3 d5 2. d4 e6 3. c4 Nf6 4. Nc3 Bb4 5. e3 c5 6. Bd3 Nc6 7. O-O O-O 8. a3
Ba5 9. dxc5 Bxc3 10. bxc3 Qa5 11. cxd5 Nxd5 12. c4 Nf6 13. Bb2 Nd7 14. Qc2 h6
15. Rab1 Nxc5 16. h3 Qc7 17. Qc3 f6 18. Rfd1 Na4 19. Qc2 Nxb2 20. Qxb2 Re8 21.
Nd4 e5 22. Nb5 Qe7 23. Nd6 Rd8 24. c5 b6 25. Qb3+ Kh8 26. Nf7+ Kg8 27. Nxh6+
Kf8 28. Qg8# {NegreEmilie est échec et mat} 1-0

[Event "Champ FRA - Under 12"]
[Site "Europe Echecs"]
[Date "2020.07.08"]
[Round "1"]
[White "BOUMRARAyrad"]
[Black "NoeMilan"]
[Result "1-0"]
[WhiteElo "1431"]
[BlackElo "1110"]
[PlyCount "47"]
[EventDate "2020.??.??"]

1. d4 e6 2. Nf3 d5 3. c4 c5 4. cxd5 exd5 5. g3 cxd4 6. Bg2 Nf6 7. O-O Nc6 8.
Nxd4 Be7 9. Nc3 Be6 10. Bg5 h6 11. Bf4 O-O 12. Rc1 Rc8 13. Nxe6 fxe6 14. Bh3
Qd7 15. Nb5 Bb4 16. a3 Be7 17. Nd4 Nxd4 18. Qxd4 b6 19. Qe5 Rfd8 20. Bxe6+ Kh7
21. Bxd7 Rxd7 22. Rxc8 Ng4 23. Qf5+ g6 24. Qf7# {NoeMilan est échec et mat}
1-0

[Event "Champ FRA - Under 12"]
[Site "Europe Echecs"]
[Date "2020.07.08"]
[Round "1"]
[White "SakiMehdi"]
[Black "GhazaryanGor"]
[Result "0-1"]
[WhiteElo "1107"]
[BlackElo "1431"]
[PlyCount "62"]
[EventDate "2020.??.??"]

1. e4 c5 2. Nf3 d6 3. Nc3 g6 4. d4 cxd4 5. Nxd4 Nc6 6. Bb5 Bd7 7. Nxc6 Bxc6 8.
Bxc6+ bxc6 9. Be3 Bg7 10. Qf3 Qd7 11. Rd1 Qc7 12. O-O Nf6 13. Qh3 O-O 14. Bh6
Qd7 15. Bxg7 Qxh3 16. gxh3 Kxg7 17. Kh1 Rab8 18. b3 Nh5 19. f4 Rbd8 20. Rf3 f5
21. exf5 Rxf5 22. Rd4 e5 23. fxe5 Rxf3 24. exd6 Rxc3 25. d7 Rxc2 26. Rd6 Rc1+
27. Kg2 Nf4+ 28. Kf3 Nd5 29. Ke4 Nf6+ 30. Ke5 Nxd7+ 31. Ke6 Re1# {SakiMehdi
est échec et mat} 0-1

[Event "Champ FRA - Under 12"]
[Site "Europe Echecs"]
[Date "2020.07.08"]
[Round "1"]
[White "LamagaSacha"]
[Black "NegreMaxime"]
[Result "1-0"]
[WhiteElo "1430"]
[BlackElo "1105"]
[PlyCount "199"]
[EventDate "2020.??.??"]

1. e4 e5 2. Nf3 Nc6 3. Bc4 Bc5 4. c3 Nf6 5. d4 exd4 6. cxd4 Bb4+ 7. Nc3 d6 8.
O-O O-O 9. a3 Ba5 10. b4 Bb6 11. Be3 Ba5 12. bxa5 Nxa5 13. Ba2 Bg4 14. h3 Bh5
15. Bg5 h6 16. Bxf6 Qxf6 17. g4 Bg6 18. Qe1 Qxf3 19. Qe3 Qxe3 20. fxe3 Nc6 21.
Bd5 Kh8 22. Bxc6 bxc6 23. Rab1 Rab8 24. Rxb8 Rxb8 25. Kf2 Rb3 26. Nb1 Rb8 27.
Kf3 Re8 28. Nd2 f6 29. Rc1 d5 30. Rxc6 dxe4+ 31. Kf4 Re7 32. Ra6 h5 33. gxh5
Bxh5 34. Nxe4 Bg6 35. Nc5 Bc2 36. Rxa7 Kg8 37. Na6 Re4+ 38. Kf3 Rh4 39. Nxc7
Rxh3+ 40. Kf2 Rh2+ 41. Kg3 Re2 42. Kf3 Re1 43. a4 Ra1 44. a5 Kh7 45. a6 Bd3 46.
e4 Ra4 47. Ke3 Bf1 48. d5 Bg2 49. Ne6 Rxe4+ 50. Kf2 Rg4 51. d6 Bc6 52. d7 Bxd7
53. Rxd7 Ra4 54. Rxg7+ Kh6 55. a7 Ra6 56. Re7 Kh5 57. Nf4+ Kg4 58. Ne2 Ra5 59.
Nd4 Kf4 60. Nc6 Ra2+ 61. Ke1 f5 62. Re8 Kg3 63. a8=Q Rxa8 64. Rxa8 f4 65. Ne5
f3 66. Nxf3 Kxf3 67. Kd2 Ke4 68. Ra3 Kf4 69. Ke2 Kg4 70. Kf2 Kh4 71. Kg2 Kg4
72. Ra4+ Kf5 73. Kf3 Ke5 74. Rh4 Kd5 75. Ke3 Kc5 76. Kd3 Kb5 77. Kc3 Ka5 78.
Kb3 Kb5 79. Rh5+ Kc6 80. Kc4 Kd6 81. Ra5 Ke6 82. Kd4 Kf6 83. Ke4 Kg6 84. Kf4
Kh6 85. Kg4 Kg6 86. Ra6+ Kf7 87. Kf5 Ke7 88. Rh6 Kd7 89. Ke5 Kc7 90. Kd5 Kb7
91. Kc5 Ka7 92. Kb5 Kb7 93. Rh7+ Kc8 94. Kc6 Kd8 95. Ra7 Ke8 96. Kd6 Kf8 97.
Ke6 Kg8 98. Kf6 Kh8 99. Kg6 Kg8 100. Ra8# {NegreMaxime est échec et mat} 1-0

[Event "Champ FRA - Under 12"]
[Site "Europe Echecs"]
[Date "2020.07.08"]
[Round "1"]
[White "HueberMaxime"]
[Black "RoubaudLouisAl"]
[Result "1/2-1/2"]
[WhiteElo "1420"]
[BlackElo "1101"]
[PlyCount "126"]
[EventDate "2020.??.??"]

1. e4 e6 2. Nf3 d5 3. exd5 exd5 4. Nc3 Nf6 5. d3 Nc6 6. Be2 Bd6 7. O-O O-O 8.
Re1 Re8 9. Bg5 Be6 10. Qd2 Bb4 11. a3 Bxc3 12. Qxc3 h6 13. Bxf6 Qxf6 14. Qxf6
gxf6 15. Bf1 Bg4 16. Be2 Bxf3 17. Bxf3 Rxe1+ 18. Rxe1 Rd8 19. g3 Nd4 20. Bd1 c5
21. Re7 Rb8 22. Rc7 Ne6 23. Rd7 d4 24. Bf3 Nd8 25. Rc7 Ne6 26. Rxb7 Rxb7 27.
Bxb7 Kg7 28. Kg2 Kg6 29. Kf3 Kf5 30. Be4+ Ke5 31. Kg4 Ng7 32. f4+ Ke6 33. c3
f5+ 34. Kf3 fxe4+ 35. Kxe4 f5+ 36. Kf3 dxc3 37. bxc3 Kd5 38. Ke3 Ne6 39. a4 c4
40. dxc4+ Kxc4 41. Kd2 Nc5 42. a5 Ne4+ 43. Kc2 Nxc3 44. Kd2 Nd5 45. Ke2 Kb5 46.
Kf3 Kxa5 47. g4 fxg4+ 48. Kxg4 Ne7 49. f5 Ng8 50. Kh5 Kb6 51. Kg6 Ne7+ 52. Kf6
Nxf5 53. Kxf5 a5 54. h4 a4 55. Kg6 a3 56. Kxh6 a2 57. h5 a1=Q 58. Kg6 Qg1+ 59.
Kh6 Qe3+ 60. Kh7 Qe4+ 61. Kh6 Qe6+ 62. Kh7 Qf7+ 63. Kh6 Qg8 {Nulle par pat}
1/2-1/2

[Event "Champ FRA - Under 12"]
[Site "Europe Echecs"]
[Date "2020.07.08"]
[Round "1"]
[White "BourdelBaptist"]
[Black "LovichiRaphael"]
[Result "0-1"]
[WhiteElo "1100"]
[BlackElo "1406"]
[PlyCount "84"]
[EventDate "2020.??.??"]

1. e4 c5 2. Nf3 e6 3. d4 cxd4 4. Nxd4 Nf6 5. Nc3 Nc6 6. Bg5 Bb4 7. Nf3 h6 8.
Bd2 d5 9. e5 Nd7 10. Bb5 Qc7 11. Qe2 O-O 12. O-O Ncxe5 13. Nxe5 Qxe5 14. Bxd7
Qxe2 15. Nxe2 Bxd2 16. Ba4 a6 17. c3 b5 18. Bc2 Bg5 19. Nd4 Bb7 20. f4 Bf6 21.
Rad1 Bxd4+ 22. Rxd4 Rac8 23. Bd3 Rfd8 24. g3 f6 25. Re1 Re8 26. Bg6 Re7 27. a4
Bc6 28. axb5 Bxb5 29. Kf2 Bc4 30. Kf3 e5 31. fxe5 fxe5 32. Rd2 Rf8+ 33. Kg2 e4
34. h4 e3 35. Rdd1 Rf2+ 36. Kh3 e2 37. Rd2 Rf1 38. Rexe2 Rxe2 39. Rd4 Rf6 40.
Bd3 Bxd3 41. Rxd3 Re5 42. b4 Rc6 {BourdelBaptist a abandonné} 0-1

[Event "Champ FRA - Under 12"]
[Site "Europe Echecs"]
[Date "2020.07.08"]
[Round "1"]
[White "RequenaSacha"]
[Black "LombartRemi"]
[Result "1-0"]
[WhiteElo "1397"]
[BlackElo "1100"]
[PlyCount "57"]
[EventDate "2020.??.??"]

1. e4 e5 2. Nf3 Nc6 3. d4 exd4 4. Bc4 Bc5 5. c3 dxc3 6. Bxf7+ Kxf7 7. Qd5+ Ke8
8. Qxc5 cxb2 9. Bxb2 Nf6 10. Nc3 d6 11. Qg5 Rg8 12. O-O h6 13. Qd2 Bg4 14. Nd4
Nxd4 15. Qxd4 Bd7 16. Nd5 Rf8 17. Qc4 c6 18. Nxf6+ gxf6 19. Qb4 Bc8 20. Rad1 c5
21. Qb5+ Ke7 22. e5 fxe5 23. Bxe5 a6 24. Qe2 d5 25. Bc7+ Kd7 26. Bxd8 Rxd8 27.
Rxd5+ Kc7 28. Qe7+ Bd7 29. Rfd1 {LombartRemi a abandonné} 1-0

[Event "Champ FRA - Under 12"]
[Site "Europe Echecs"]
[Date "2020.07.08"]
[Round "1"]
[White "PiolletEspinos"]
[Black "FaidiSami"]
[Result "1-0"]
[WhiteElo "1100"]
[BlackElo "1394"]
[PlyCount "27"]
[EventDate "2020.??.??"]

1. d4 Nf6 2. Nc3 d5 3. e3 g6 4. Bd3 Bg7 5. Bd2 O-O 6. Nf3 Bg4 7. h3 Bxf3 8.
gxf3 Nbd7 9. b3 c5 10. dxc5 Nxc5 11. b4 Nxd3+ 12. cxd3 d4 13. exd4 Qxd4 14. Rc1
{FaidiSami a perdu au temps} 1-0

[Event "Champ FRA - Under 12"]
[Site "Europe Echecs"]
[Date "2020.07.08"]
[Round "1"]
[White "SumarrivaPauliJ"]
[Black "EhrhardEmeric"]
[Result "0-1"]
[WhiteElo "1394"]
[BlackElo "1096"]
[PlyCount "88"]
[EventDate "2020.??.??"]

1. e4 d5 2. exd5 Qxd5 3. Nc3 Qd8 4. d4 e6 5. Bc4 Bb4 6. Nge2 Nf6 7. O-O O-O 8.
Bg5 h6 9. Bh4 Bxc3 10. Nxc3 Nc6 11. d5 Ne5 12. Bb3 Ng6 13. Ne4 Nxh4 14. Re1
Nxe4 15. Rxe4 Ng6 16. dxe6 Qxd1+ 17. Rxd1 Bxe6 18. Bxe6 fxe6 19. Rxe6 Nh8 20.
Re7 Rac8 21. Rdd7 Rf7 22. h3 Rxe7 23. Rxe7 Nf7 24. Kh2 Kf8 25. Rd7 Ke8 26. Rd3
Rd8 27. Rc3 c6 28. Rb3 Rb8 29. Re3+ Kd7 30. Rf3 Rf8 31. Rg3 Ng5 32. h4 Ne6 33.
Rd3+ Ke7 34. f3 Rd8 35. Rb3 Rd7 36. Re3 Rd2 37. Rc3 Kd7 38. Kg1 Kc7 39. Kf1 Rd4
40. g3 Rd7 41. Ke2 Re7 42. Kf2 Nd4 43. Kg2 Re2+ 44. Kf1 Rxc2 {SumarrivaPauliJ
a perdu au temps} 0-1

[Event "Champ FRA - Under 12"]
[Site "Europe Echecs"]
[Date "2020.07.08"]
[Round "1"]
[White "ScoupeLuca"]
[Black "BerthouJules"]
[Result "1-0"]
[WhiteElo "1095"]
[BlackElo "1390"]
[PlyCount "145"]
[EventDate "2020.??.??"]

1. d4 f5 2. c4 Nf6 3. Nc3 g6 4. Nf3 Bg7 5. Bf4 d6 6. e3 O-O 7. Be2 Nc6 8. O-O
Re8 9. a3 e5 10. dxe5 dxe5 11. Qxd8 Rxd8 12. Nxe5 Nxe5 13. Bxe5 Rd2 14. Bf3 c6
15. b4 Be6 16. c5 Rad8 17. Rfd1 Ne4 18. Bxg7 Kxg7 19. Nxe4 fxe4 20. Rxd2 Rxd2
21. Bxe4 Kf6 22. Kf1 Bc4+ 23. Kg1 Ke5 24. Bf3 Be2 25. Bxe2 Rxe2 26. Kf1 Rc2 27.
f3 Kd5 28. Rd1+ Ke6 29. Rd6+ Ke7 30. Rd3 Ra2 31. Kg1 Ra1+ 32. Kf2 Ke6 33. Kg3
Ra2 34. h4 h5 35. Rd6+ Kf5 36. e4+ Ke5 37. Rxg6 Rxa3 38. Rg5+ Kd4 39. e5 Re3
40. Kf4 Re2 41. e6 Rxe6 42. Rxh5 Kc4 43. Re5 Rh6 44. Kg5 Rh7 45. Re4+ Kb5 46.
Kg6 Rh8 47. h5 Rg8+ 48. Kf7 Rxg2 49. Rh4 Rf2 50. f4 Rd2 51. Ke8 Re2+ 52. Kd7
Rd2+ 53. Kc7 Re2 54. h6 Re7+ 55. Kd8 Rh7 56. Ke8 Kxb4 57. f5+ Kb3 58. f6 a5 59.
f7 Rxf7 60. Kxf7 a4 61. Rxa4 Kxa4 62. h7 Kb5 63. h8=Q Kxc5 64. Qc3+ Kd5 65. Ke7
b5 66. Kd7 c5 67. Qd3+ Ke5 68. Qxb5 Kd4 69. Kd6 c4 70. Qb2+ Kd3 71. Kc5 c3 72.
Qc1 c2 73. Kb4 {BerthouJules a abandonné} 1-0

[Event "Champ FRA - Under 12"]
[Site "Europe Echecs"]
[Date "2020.07.08"]
[Round "1"]
[White "LambertArthur"]
[Black "BourezzouSofia"]
[Result "1-0"]
[WhiteElo "1380"]
[BlackElo "1090"]
[PlyCount "23"]
[EventDate "2020.??.??"]

1. e4 e5 2. Nf3 Nc6 3. Nc3 Nf6 4. Bc4 Bc5 5. d3 h6 6. O-O d6 7. Nd5 Bg4 8. h3
Bxf3 9. Qxf3 g5 10. Nxf6+ Kf8 11. Nh5 Nb4 12. Qxf7# {BourezzouSofia est échec
et mat} 1-0

[Event "Champ FRA - Under 12"]
[Site "Europe Echecs"]
[Date "2020.07.08"]
[Round "1"]
[White "YcardFaustine"]
[Black "ChareyreMathie"]
[Result "1-0"]
[WhiteElo "1380"]
[BlackElo "1080"]
[PlyCount "95"]
[EventDate "2020.??.??"]

1. e4 d5 2. exd5 Nf6 3. Nc3 Bg4 4. Nf3 c6 5. dxc6 Nxc6 6. h3 Bf5 7. Bb5 Qc7 8.
d3 h6 9. O-O e6 10. g3 Bxh3 11. Re1 Bd6 12. Bxc6+ Qxc6 13. Bf4 Bxf4 14. gxf4
Bg4 15. Ne4 Nxe4 16. dxe4 O-O 17. Kg2 Bh5 18. c3 f5 19. Qd4 Bxf3+ 20. Kxf3
fxe4+ 21. Rxe4 Rfd8 22. Qb4 b6 23. Rae1 Re8 24. Kg4 Kf7 25. f5 exf5+ 26. Kxf5
Qf6+ 27. Kg4 Qxf2 28. Rxe8 Rxe8 29. Rxe8 Kxe8 30. Qa4+ Kf7 31. Qxa7+ Kg6 32. b3
h5+ 33. Kh3 h4 34. Qc7 Kg5 35. Qe5+ Kh6 36. Qd6+ g6 37. Qe5 b5 38. a4 bxa4 39.
bxa4 g5 40. c4 g4+ 41. Kxg4 Kh7 42. Qh5+ Kg7 43. Qxh4 Qd4+ 44. Kg5 Qf6+ 45. Kg4
Qg6+ 46. Kf4 Qf6+ 47. Qxf6+ Kxf6 48. a5 {ChareyreMathie a abandonné} 1-0

[Event "Champ FRA - Under 12"]
[Site "Europe Echecs"]
[Date "2020.07.08"]
[Round "1"]
[White "FamelDiane"]
[Black "BernardelliTho"]
[Result "1-0"]
[WhiteElo "1366"]
[BlackElo "1079"]
[PlyCount "45"]
[EventDate "2020.??.??"]

1. e4 d5 2. exd5 Qxd5 3. Nc3 Qd6 4. d4 Nf6 5. Nf3 c6 6. Bc4 Bf5 7. O-O Nbd7 8.
h3 Be4 9. Re1 Bxf3 10. Qxf3 e5 11. dxe5 Nxe5 12. Qe3 O-O-O 13. Qxe5 Re8 14.
Qf5+ Kb8 15. Rxe8+ Nxe8 16. Bf4 g6 17. Bxd6+ Nxd6 18. Qe5 Kc8 19. Qxh8 Nf5 20.
Qxf8+ Kc7 21. Qxf7+ Kc8 22. Re1 g5 23. Re8# {BernardelliTho est échec et mat}
1-0

[Event "Champ FRA - Under 12"]
[Site "Europe Echecs"]
[Date "2020.07.08"]
[Round "1"]
[White "FoleyNatasha"]
[Black "KechkekianChae"]
[Result "0-1"]
[WhiteElo "1078"]
[BlackElo "1366"]
[PlyCount "42"]
[EventDate "2020.??.??"]

1. e4 c5 2. Nf3 e6 3. Nc3 a6 4. d3 b5 5. Be2 Bb7 6. h3 Qc7 7. a3 Nc6 8. O-O Be7
9. Bd2 Nf6 10. Qc1 O-O 11. b3 d5 12. exd5 Nxd5 13. Nxd5 exd5 14. c3 Bd6 15. d4
c4 16. bxc4 dxc4 17. d5 Na5 18. Bd1 Bxd5 19. Bc2 Bxf3 20. g3 Bxg3 21. fxg3
Qxg3# {FoleyNatasha est échec et mat} 0-1

[Event "Champ FRA - Under 12"]
[Site "Europe Echecs"]
[Date "2020.07.08"]
[Round "1"]
[White "FolioThomas"]
[Black "AvcharovLevon"]
[Result "1-0"]
[WhiteElo "1364"]
[BlackElo "1075"]
[PlyCount "79"]
[EventDate "2020.??.??"]

1. e4 c6 2. d4 d5 3. exd5 cxd5 4. Bd3 Nc6 5. c3 Nf6 6. Bf4 g6 7. Nf3 Bg7 8. O-O
O-O 9. Nbd2 Nh5 10. Bg3 Nxg3 11. fxg3 f5 12. Re1 Qd6 13. Nb3 b6 14. Re2 Rf6 15.
Qe1 Re6 16. Bb5 a6 17. Bxc6 Qxc6 18. Rxe6 Qxe6 19. Qxe6+ Bxe6 20. Re1 Kf7 21.
Ng5+ Ke8 22. Nxe6 Kf7 23. Nf4 Rc8 24. Nxd5 e6 25. Nxb6 Rc6 26. Na4 Bf8 27. Nac5
Bxc5 28. Nxc5 a5 29. Nxe6 Rxe6 30. Rxe6 Kxe6 31. Kf2 Kd5 32. b3 h5 33. Ke3 g5
34. c4+ Kd6 35. a3 Kc6 36. b4 a4 37. h4 f4+ 38. gxf4 g4 39. Ke4 Kd6 40. c5+ {
AvcharovLevon a abandonné} 1-0